000 00652nam a2200253Ia 4500
003 OSt
005 20221007102331.0
006 a|||||r|||| 00| 0
007 ta
008 221006b |||||||| |||| 00| 0 eng d
020 _a8180380696
024 _a10,070
037 _cTextual
040 _aLCO
_cLCO
_beng
041 _2eng
_aeng
082 _aZ2,91, P4
100 _aJayakumar N.K.
_9692995
245 0 _aLectures In Jurisprudence
260 _aNew
_bDelhi Lexis, Nexis Butterworths India
_c2004
300 _a302
650 _aJURISPRUDENCE
942 _hZ2,91, P4
_cTEXL
999 _c1179633
_d1179633